000 00441nam a22001457a 4500
003 OSt
005 20160727222341.0
008 160620b xxu||||| |||| 00| 0 eng d
040 _cTEST
100 _9105
_aRobert, et al
245 _aMy faverite Book
_bA Book about Doing Your Best and Being Your Best
260 _aU.S.A
_bStith Foneral Home
_c2002
300 _aMy faverite Book:A Book about Doing Your Best and Being Your Best
942 _2ddc
_cBK
999 _c83
_d83